000 00472nam a22001817a 4500
003 BD-DhUIB
005 20260518153814.0
008 260518b |||||||| |||| 00| 0 eng d
040 _aBD-DhUIB
_cBD-DhUIB
082 _222
100 _aFlath, David.
_91119
245 _aThe Japanese economy/
_cby David Flath.
250 _a4th ed.
260 _aUnited kingdom.
_bRead Japan project.
_cc2022
300 _axxi,494p. :
_billus. :
_c25cm.
526 _aMBA
942 _2ddc
_cBK
999 _c707
_d707